Corporate social responsibility in commercial banking - a case study from the Czech Republic
Teoretické aspekty CSR (Corporate social responsibility) v komerčnom bankovíctve a meranie úrovne CSR vo vybraných českých komerčných bankách. Spoločenská zodpovednoť firiem, etické princípy v bankovom sektore.
Saved in:
| Main Author: | |
|---|---|
| Other Authors: | |
| Format: | Book Chapter |
| Language: | English |
| Subjects: | |
| Tags: |
No Tags, Be the first to tag this record!
|
MARC
| LEADER | 00000naa a2200000 4500 | ||
|---|---|---|---|
| 001 | 0191293 | ||
| 005 | 20240209072903.1 | ||
| 041 | 0 | |a eng | |
| 044 | |a CZ | ||
| 245 | 1 | 0 | |a Corporate social responsibility in commercial banking - a case study from the Czech Republic |c Lenka Burianová, Jiří Paulík |
| 520 | |a Teoretické aspekty CSR (Corporate social responsibility) v komerčnom bankovíctve a meranie úrovne CSR vo vybraných českých komerčných bankách. Spoločenská zodpovednoť firiem, etické princípy v bankovom sektore. | ||
| 610 | 2 | 0 | |a banky obchodné |
| 610 | 2 | 0 | |a zodpovednosť spoločenská |
| 610 | 2 | 0 | |a princípy mravné |
| 610 | 2 | 0 | |a Česko |
| 100 | 1 | |a Burianová, Lenka | |
| 700 | 1 | |a Paulík, Jiří | |